[Event "Open de Provence"]
[Site "Meyreuil"]
[Date "2009.07.10"]
[Round "6.7"]
[White "Baquer, Marc"]
[Black "Poulain, Cedric"]
[Result "1/2-1/2"]
[WhiteElo "1807"]
[BlackElo "1931"]
[PlyCount "92"]
[EventDate "2009.??.??"]

1. d4 d5 2. Bg5 c6 3. Nf3 h6 4. Bh4 Qb6 5. b3 Bf5 6. Nbd2 e6 7. c4 Nd7 8. c5
Qa5 9. a3 Ngf6 10. b4 Qd8 11. e3 g5 12. Bg3 Nh5 13. Be2 Nxg3 14. hxg3 Bg7 15.
Nh2 e5 16. Nb3 Qc7 17. a4 Be4 18. Bf3 Bg6 19. Bh5 Bxh5 20. Qxh5 exd4 21. Nxd4
Nf6 22. Qf3 Ne4 23. Rd1 h5 24. O-O g4 25. Qf5 Qe5 26. Qxe5+ Bxe5 27. Ne2 Ke7
28. Rd3 a5 29. f3 Nxg3 30. Nxg3 Bxg3 31. b5 f5 32. Rfd1 Bxh2+ 33. Kxh2 Rad8 34.
bxc6 bxc6 35. Rb1 h4 36. Rb7+ Rd7 37. Rb6 d4 38. Rxc6 dxe3 39. Rxe3+ Kf7 40.
fxg4 fxg4 41. Re4 g3+ 42. Kh3 Rd1 43. Rf4+ Ke7 44. Re4+ Kf7 45. Rf4+ Ke7 46.
Re4+ Kf7 1/2-1/2

[Event "Open de Provence"]
[Site "Meyreuil"]
[Date "2009.07.10"]
[Round "6.8"]
[White "Colandrea, Sauveur"]
[Black "Madranges, Jean"]
[Result "0-1"]
[WhiteElo "1901"]
[BlackElo "1733"]
[PlyCount "76"]
[EventDate "2009.??.??"]

1. e4 e6 2. d4 d5 3. Nc3 Nf6 4. Bd3 Bb4 5. Bg5 dxe4 6. Bxe4 h6 7. Bxf6 Qxf6 8.
Qf3 Qxf3 9. Nxf3 Nd7 10. O-O Bxc3 11. bxc3 Nf6 12. Bd3 O-O 13. Rab1 b6 14. Ne5
Bb7 15. f4 Rad8 16. f5 exf5 17. Bxf5 Be4 18. Rbe1 Bxf5 19. Rxf5 Rd5 20. Nc6
Rxf5 21. Ne7+ Kh7 22. Nxf5 Re8 23. Kf1 Kg6 24. Ne7+ Kh7 25. Nc6 Rxe1+ 26. Kxe1
a5 27. Kd2 g5 28. c4 Ne4+ 29. Ke3 f5 30. c5 bxc5 31. Nxa5 Kg6 32. Nc4 Kf6 33.
a4 Ke6 34. Ne5 cxd4+ 35. Kxd4 c5+ 36. Kc4 Kxe5 37. a5 Kd6 38. Kb5 Kc7 0-1

[Event "Open de Provence"]
[Site "Meyreuil"]
[Date "2009.07.10"]
[Round "6.9"]
[White "Flores, Adrian"]
[Black "Maury, Claude"]
[Result "1-0"]
[WhiteElo "1680"]
[BlackElo "1883"]
[PlyCount "45"]
[EventDate "2009.??.??"]

1. e4 e6 2. d4 d5 3. exd5 exd5 4. Nf3 Bd6 5. Bd3 Bg4 6. Be3 Ne7 7. Nc3 c6 8.
Qe2 Nd7 9. O-O-O b5 10. Rde1 O-O 11. Bxh7+ Kh8 12. Bd3 b4 13. Nb1 Qa5 14. h3
Bh5 15. g4 Bg6 16. Ng5 c5 17. dxc5 Nxc5 18. Bxc5 Bxc5 19. h4 Qxa2 20. h5 Bd4
21. hxg6+ Kg8 22. gxf7+ Rxf7 23. Bh7+ 1-0

[Event "Open de Provence"]
[Site "Meyreuil"]
[Date "2009.07.10"]
[Round "6.10"]
[White "Sartre, Guilhem"]
[Black "Loysel, Yves"]
[Result "1/2-1/2"]
[WhiteElo "1677"]
[BlackElo "1870"]
[PlyCount "86"]
[EventDate "2009.??.??"]

1. d4 f5 2. c4 Nf6 3. Nc3 g6 4. Bf4 d6 5. Nf3 Bg7 6. e3 O-O 7. Be2 Qe8 8. h3 c6
9. Qc2 Na6 10. O-O Kh8 11. Rab1 Bd7 12. b4 Nc7 13. b5 cxb5 14. cxb5 Rc8 15. Qd3
Ncd5 16. Nxd5 Nxd5 17. Bh2 Nc3 18. Rb2 Nxe2+ 19. Qxe2 Be6 20. Qd2 Qd7 21. Rc1
Bd5 22. Ne1 b6 23. a4 Qb7 24. Bg3 Rxc1 25. Qxc1 Rc8 26. Rc2 Rxc2 27. Qxc2 h6
28. f4 Qd7 29. Nd3 Qe6 30. Bf2 Qe4 31. Qc8+ Kh7 32. Ne1 Ba8 33. Qa6 Qb7 34.
Qxb7 Bxb7 35. Nd3 a6 36. Nb4 axb5 37. axb5 Be4 38. Nc6 Bf6 39. Be1 Bd3 40. Na7
Kg7 41. Nc8 Bxb5 42. Nxb6 Kf7 43. Nd5 Bg7 1/2-1/2

[Event "Open de Provence"]
[Site "Meyreuil"]
[Date "2009.07.10"]
[Round "6.11"]
[White "Fayette, Sylvain"]
[Black "Madranges, Julien"]
[Result "1/2-1/2"]
[WhiteElo "2023"]
[BlackElo "1904"]
[PlyCount "40"]
[EventDate "2009.??.??"]

1. e4 d5 2. exd5 Qxd5 3. Nc3 Qa5 4. d4 Bf5 5. Nf3 Nf6 6. Bd2 c6 7. Bc4 e6 8.
O-O Bb4 9. Qe2 O-O 10. Ne5 Rd8 11. g4 Nxg4 12. Nxg4 Rxd4 13. Ne3 Bh3 14. Rfe1
Nd7 15. a3 Qg5+ 16. Kh1 Rxd2 17. Qxd2 Bg2+ 18. Kg1 Bh3+ 19. Kh1 Bg2+ 20. Kg1
Bh3+ 1/2-1/2

[Event "Open de Provence"]
[Site "Meyreuil"]
[Date "2009.07.10"]
[Round "6.12"]
[White "Vighetti, Patrice"]
[Black "Girard, Jean-Pierre"]
[Result "0-1"]
[WhiteElo "1690"]
[BlackElo "1938"]
[PlyCount "46"]
[EventDate "2009.??.??"]

1. d4 Nf6 2. Nf3 e6 3. Bf4 c5 4. c3 Be7 5. e3 Nc6 6. Ne5 O-O 7. Nd2 d6 8. Nxc6
bxc6 9. dxc5 d5 10. b4 Nd7 11. Rb1 e5 12. Bg3 f5 13. f4 Bf6 14. Qc2 Re8 15. Be2
exf4 16. exf4 Ba6 17. c4 Qe7 18. Qd3 Rad8 19. Kf1 dxc4 20. Qf3 Nxc5 21. Bxc4+
Bxc4+ 22. Nxc4 Rd3 23. Qxc6 Qe2+ 0-1

[Event "Open de Provence"]
[Site "Meyreuil"]
[Date "2009.07.10"]
[Round "6.13"]
[White "Deleau, Denis"]
[Black "Nicolai, Eric"]
[Result "1-0"]
[WhiteElo "2150"]
[BlackElo "1700"]
[PlyCount "123"]
[EventDate "2009.??.??"]

1. e4 e6 2. d4 d5 3. Nc3 Nf6 4. e5 Nfd7 5. Nce2 c5 6. c3 Nc6 7. Nf3 cxd4 8.
cxd4 f6 9. Nf4 Nb6 10. Bb5 Bd7 11. O-O Be7 12. Bxc6 bxc6 13. exf6 Bxf6 14. Re1
Kf7 15. Ne5+ Bxe5 16. Qh5+ g6 17. Qxe5 Re8 18. Nd3 Qf6 19. Qg3 Qxd4 20. Ne5+
Kg8 21. Be3 Qxb2 22. Rab1 Qxa2 23. Bxb6 axb6 24. Nxd7 Re7 25. Nf6+ Kf8 26. Qd6
Qa3 27. Nxh7+ Kg7 28. Qxa3 Rxa3 29. Ng5 e5 30. Rxb6 Rc3 31. h4 e4 32. Rd1 Rc4
33. Rbb1 Kf6 34. Rbc1 Rxc1 35. Rxc1 Rc7 36. Kf1 Kf5 37. Ke2 c5 38. f3 exf3+ 39.
Kxf3 c4 40. g4+ Kf6 41. Ke3 c3 42. Rf1+ Ke5 43. Nf3+ Kd6 44. Nd4 Ke5 45. Ne2
Rc4 46. Rf4 Rc8 47. Nc1 Rh8 48. Nd3+ Ke6 49. g5 Rc8 50. Rf6+ Ke7 51. Rxg6 Rh8
52. Nf4 Rxh4 53. Nxd5+ Kf7 54. Rf6+ Kg7 55. Rc6 Rg4 56. Nf4 Rg1 57. Rxc3 Ra1
58. Rc7+ Kg8 59. Ke4 Ra5 60. Nd5 Rb5 61. Ke5 Ra5 62. g6 1-0

[Event "Open de Provence"]
[Site "Meyreuil"]
[Date "2009.07.10"]
[Round "6.14"]
[White "Noireaut, Hung"]
[Black "Del Vecchio, Alain"]
[Result "0-1"]
[WhiteElo "1746"]
[BlackElo "1900"]
[PlyCount "62"]
[EventDate "2009.??.??"]

1. e4 c5 2. Nc3 a6 3. g3 b5 4. Bg2 Bb7 5. d3 e6 6. Be3 d5 7. exd5 exd5 8. d4 c4
9. Nge2 b4 10. Nb1 Nf6 11. O-O Be7 12. Re1 O-O 13. Nd2 Nc6 14. c3 a5 15. Nf1
Bc8 16. Bg5 Bf5 17. Nf4 Ne4 18. Bxe7 Nxe7 19. Ne3 bxc3 20. Nxf5 Nxf5 21. Nxd5
cxb2 22. Rb1 Qxd5 23. Bxe4 Qb5 24. Bxa8 Rxa8 25. Re5 Qd7 26. Qf3 Rb8 27. Qxf5
Qxd4 28. Re7 Rf8 29. Qe5 Qd3 30. Qxb2 c3 31. Qe2 Qxb1+ 0-1

[Event "Open de Provence"]
[Site "Meyreuil"]
[Date "2009.07.10"]
[Round "6.15"]
[White "Jean, Nicolas"]
[Black "Flores, Francisco"]
[Result "0-1"]
[WhiteElo "1680"]
[BlackElo "1810"]
[PlyCount "68"]
[EventDate "2009.??.??"]

1. e4 c5 2. Nf3 e6 3. b3 Nc6 4. Bb5 a6 5. Bxc6 bxc6 6. O-O Bb7 7. d3 d5 8. c4
Be7 9. Bb2 Nf6 10. Nc3 Qc7 11. Qe2 O-O 12. h3 Rfd8 13. Nh2 d4 14. Na4 e5 15.
Ng4 Qd6 16. Nxf6+ Qxf6 17. Ba3 Rab8 18. Nb6 Qg5 19. Rab1 Re8 20. Na4 Bc8 21.
Kh1 f5 22. f3 f4 23. Bxc5 Bxc5 24. Nxc5 Rf8 25. Qf2 Rf6 26. Kh2 Rh6 27. Rh1 Qe7
28. Na4 Bd7 29. Qe1 c5 30. Qa5 Qg5 31. Qc7 Rd8 32. Rb2 Qg3+ 33. Kg1 Qe1+ 34.
Kh2 Rxh3+ 0-1

[Event "Open de Provence"]
[Site "Meyreuil"]
[Date "2009.07.10"]
[Round "6.16"]
[White "Montanelli, Tristan"]
[Black "Derien, Robert"]
[Result "0-1"]
[WhiteElo "1638"]
[BlackElo "1801"]
[PlyCount "88"]
[EventDate "2009.??.??"]

1. f4 e5 2. fxe5 Nc6 3. d4 Qh4+ 4. g3 Qxd4 5. Nf3 Qxd1+ 6. Kxd1 d5 7. Nc3 Be6
8. e3 h6 9. h3 Nge7 10. Nd4 Ng6 11. Bg2 Ngxe5 12. b3 a6 13. Bb2 Nxd4 14. exd4
Nc6 15. Bxd5 Bxd5 16. Nxd5 O-O-O 17. c4 Bd6 18. Kc2 Nb4+ 19. Nxb4 Bxb4 20. c5
Rhe8 21. a3 Re2+ 22. Kc1 Bd2+ 23. Kb1 Rde8 24. Rf1 f6 25. g4 Rh2 26. b4 Ree2
27. Bc1 Bc3 28. Bf4 Rxh3 29. Ra2 Re4 30. Rc2 Bxd4 31. Rd2 Rxa3 32. Kc2 Rc3+ 33.
Kd1 Rb3 34. Kc2 Rxb4 35. Kd3 Bxc5 36. Bh2 Rxg4 37. Rc1 Rbd4+ 38. Ke3 Rxd2+ 39.
Kxd2 Rg2+ 40. Kd3 Rxh2 41. Rxc5 Rh4 42. Ke3 b6 43. Rc6 Kd7 44. Rc3 Rh3+ 0-1

[Event "Open de Provence"]
[Site "Meyreuil"]
[Date "2009.07.10"]
[Round "6.17"]
[White "Burmonas, Romain"]
[Black "Navarro, Bertrand"]
[Result "1-0"]
[WhiteElo "1611"]
[BlackElo "1790"]
[PlyCount "107"]
[EventDate "2009.??.??"]

1. e4 d6 2. Nc3 Nf6 3. Bc4 g6 4. f4 c6 5. e5 dxe5 6. fxe5 Nd5 7. d4 Bg7 8. Nf3
O-O 9. O-O e6 10. Bg5 Qb6 11. Bb3 h6 12. Nxd5 cxd5 13. Bf6 Bxf6 14. exf6 Nd7
15. Qd2 Kh7 16. Nh4 e5 17. c3 Nxf6 18. Kh1 e4 19. Rf2 Ng4 20. Rff1 Qd6 21. g3
e3 22. Qe2 Nf2+ 23. Kg1 Bh3 24. Rxf2 exf2+ 25. Qxf2 Rae8 26. Nf3 f6 27. Bc2 Qa6
28. Nh4 f5 29. Re1 Qxa2 30. Bb1 Qa6 31. Nf3 Rxe1+ 32. Qxe1 Re8 33. Ne5 Qa1 34.
Qc1 Kg7 35. Nxg6 Qa6 36. Nf4 Bg4 37. Bd3 Qa4 38. Bc2 Qd7 39. Kf2 Qb5 40. Qd2
Qxb2 41. h3 Bd1 42. Qxd1 Qxc3 43. Nxd5 Qb2 44. Ne3 a5 45. Nxf5+ Kf6 46. Ne3 Rf8
47. Kg1 Ke6 48. Qg4+ Ke7 49. Qe4+ Kd7 50. Qd5+ Ke7 51. Qe5+ Kf7 52. Qf5+ Ke7
53. Nd5+ Kd6 54. Qe5+ 1-0

[Event "Open de Provence"]
[Site "Meyreuil"]
[Date "2009.07.10"]
[Round "6.18"]
[White "Noireaut, Hoan"]
[Black "Benali, Boubaker"]
[Result "1/2-1/2"]
[WhiteElo "1500"]
[BlackElo "1770"]
[PlyCount "77"]
[EventDate "2009.??.??"]

1. d4 Nf6 2. Nf3 e6 3. Bf4 d5 4. e3 c5 5. c3 a6 6. Bd3 c4 7. Bc2 Nc6 8. Nbd2
Bd6 9. Ne5 Qc7 10. Ndf3 Ne4 11. Nxc6 bxc6 12. Ne5 Nf6 13. Qf3 Bb7 14. Rb1 Ne4
15. Qg4 g6 16. f3 Nf6 17. Qg5 Qe7 18. Ba4 Nh5 19. Bxc6+ Bxc6 20. Qxe7+ Kxe7 21.
Nxc6+ Kd7 22. Ne5+ Bxe5 23. Bxe5 f6 24. Bg3 Nxg3 25. hxg3 h5 26. b3 Rab8 27.
Ke2 cxb3 28. Rxb3 Rxb3 29. axb3 Rb8 30. b4 a5 31. Rb1 Kc6 32. Kd3 axb4 33. Rxb4
Rxb4 34. cxb4 Kb5 35. Kc3 Ka4 36. f4 f5 37. b5 Kxb5 38. Kb3 Ka5 39. Ka3 1/2-1/2

[Event "Open de Provence"]
[Site "Meyreuil"]
[Date "2009.07.10"]
[Round "6.19"]
[White "Aubry, Michel"]
[Black "Scamaroni, Jean-Paul"]
[Result "1/2-1/2"]
[WhiteElo "1499"]
[BlackElo "1830"]
[PlyCount "71"]
[EventDate "2009.??.??"]

1. f4 d5 2. Nf3 Nf6 3. e3 e6 4. b3 Be7 5. Bb2 Nbd7 6. Be2 c5 7. O-O O-O 8. Qe1
a6 9. a4 b6 10. Nc3 Bb7 11. Nd1 Rc8 12. d3 b5 13. c4 b4 14. Nf2 dxc4 15. dxc4
Qc7 16. Nh3 Ne4 17. Bd3 Bf6 18. Bxf6 Ndxf6 19. Nhg5 h6 20. Nxe4 Nxe4 21. Ne5 f5
22. Rd1 Rcd8 23. Bxe4 Bxe4 24. Rxd8 Rxd8 25. Qg3 Rd2 26. Nf3 Rd3 27. Re1 Rxb3
28. Nd2 Rc3 29. Nxe4 fxe4 30. Qg6 Qc6 31. f5 Rd3 32. fxe6 Rd6 33. Qf7+ Kh8 34.
Qf8+ Kh7 35. Qf5+ Kh8 36. Qf8+ 1/2-1/2

[Event "Open de Provence"]
[Site "Meyreuil"]
[Date "2009.07.10"]
[Round "6.20"]
[White "Estevez, Ange"]
[Black "Chazeau, Laineur-Lothaire"]
[Result "1-0"]
[WhiteElo "1640"]
[BlackElo "1650"]
[PlyCount "61"]
[EventDate "2009.??.??"]

1. e4 c5 2. Nf3 Nc6 3. b3 e5 4. Bb2 d6 5. h3 Nf6 6. d3 Be7 7. Be2 Be6 8. c4 O-O
9. Nc3 Nd4 10. O-O Nxe2+ 11. Qxe2 Nh5 12. Bc1 Nf6 13. Nh2 Nd7 14. f4 exf4 15.
Bxf4 Bf6 16. Rac1 Bd4+ 17. Kh1 Ne5 18. Bxe5 Bxe5 19. Nf3 Bg3 20. Nd5 f5 21.
exf5 Bxf5 22. Ng1 Qd7 23. Ne7+ Kh8 24. Nxf5 Rxf5 25. Rxf5 Qxf5 26. Rf1 Qd7 27.
Qf3 h6 28. Qxg3 a5 29. Qg6 Rg8 30. Rf7 Qe8 31. Qf5 1-0

[Event "Open de Provence"]
[Site "Meyreuil"]
[Date "2009.07.10"]
[Round "6.21"]
[White "Benezra, Amos"]
[Black "Benezra, David"]
[Result "1/2-1/2"]
[WhiteElo "1410"]
[BlackElo "1440"]
[PlyCount "69"]
[EventDate "2009.??.??"]

1. e4 c5 2. Nf3 e6 3. d4 cxd4 4. Nxd4 a6 5. Bd3 Qc7 6. c4 b6 7. Nc3 Bb7 8. O-O
Nf6 9. Be3 Be7 10. Qe2 O-O 11. Rac1 d6 12. Rfd1 Nbd7 13. f3 Ne5 14. b3 Rac8 15.
Bb1 Rfd8 16. Kh1 Ng6 17. Rd2 d5 18. cxd5 exd5 19. Qd1 Qe5 20. Nde2 dxe4 21.
Bxe4 Nxe4 22. fxe4 Rxd2 23. Qxd2 Bxe4 24. Bxb6 f6 25. Nxe4 Rxc1+ 26. Qxc1 Qxe4
27. Qc4+ Qxc4 28. bxc4 Ne5 29. Nd4 Nxc4 30. Nc6 Nxb6 31. Nxe7+ Kf7 32. Nc6 g5
33. Nb8 a5 34. Nc6 a4 35. Nd4 1/2-1/2

[Event "Open de Provence"]
[Site "Meyreuil"]
[Date "2009.07.10"]
[Round "6.22"]
[White "Giry, Valentin"]
[Black "Bizien, Antoine"]
[Result "1-0"]
[WhiteElo "1370"]
[BlackElo "1400"]
[PlyCount "59"]
[EventDate "2009.??.??"]

1. e4 c5 2. Nf3 d6 3. d4 cxd4 4. Nxd4 Nf6 5. Nc3 a6 6. Bc4 e6 7. Bb3 Be7 8. O-O
O-O 9. Be3 Nbd7 10. Bxe6 Nc5 11. Bxc8 Rxc8 12. f3 Re8 13. Nf5 b5 14. a3 Qc7 15.
Bf4 Red8 16. Qe2 Nh5 17. Nxe7+ Qxe7 18. Be3 Nf6 19. Bg5 h6 20. Nd5 Qa7 21.
Nxf6+ gxf6 22. Bxh6 Nb3+ 23. Be3 Nd4 24. Qf2 Rxc2 25. Qxc2 Nxc2 26. Bxa7 Nxa1
27. Rxa1 Ra8 28. Bd4 Kg7 29. Rc1 Kg6 30. Rc6 1-0

[Event "Open de Provence"]
[Site "Meyreuil"]
[Date "2009.07.11"]
[Round "7.1"]
[White "Chauvet, Vincent"]
[Black "Apicella, Manuel"]
[Result "0-1"]
[WhiteElo "1904"]
[BlackElo "2525"]
[PlyCount "66"]

1. Nf3 Nf6 2. g3 g6 3. Bg2 Bg7 4. O-O O-O 5. c4 d6 6. d4 Nbd7 7. Nc3 e5 8. d5
a5 9. Nd2 Ne8 10. e4 f5 11. Rb1 Nef6 12. a3 Nc5 13. b4 Nd3 14. Qc2 Nxc1 15.
Qxc1 Bh6 16. Qb2 b6 17. Nb3 f4 18. c5 axb4 19. axb4 bxc5 20. bxc5 Ba6 21. Rfe1
fxg3 22. fxg3 Ng4 23. Nd1 Rb8 24. Qc2 Qg5 25. Ra1 Bc8 26. Ra2 Qh5 27. h3 Nf6
28. Nf2 Qg5 29. Qd3 Nh5 30. Kh2 Nxg3 31. Bf3 Nh5 32. Bxh5 Qxh5 33. Rg1 Rf3 0-1

[Event "Open de Provence"]
[Site "Meyreuil"]
[Date "2009.07.11"]
[Round "7.2"]
[White "Guidarelli, Laurent"]
[Black "Lemiere, Frederic"]
[Result "1-0"]
[WhiteElo "2436"]
[BlackElo "2109"]
[PlyCount "41"]

1. g3 d5 2. Bg2 e6 3. c4 c5 4. Nf3 Nc6 5. O-O Nf6 6. b3 Be7 7. Bb2 O-O 8. e3 d4
9. exd4 cxd4 10. Re1 Bc5 11. d3 Re8 12. a3 a5 13. Nbd2 h6 14. Bc1 e5 15. Nh4
Bg4 16. Bf3 Bh3 17. Ne4 Nd7 18. Bh5 Be6 19. Qf3 Bf8 20. Nf5 Nf6 21. Nxh6+ 1-0

[Event "Open de Provence"]
[Site "Meyreuil"]
[Date "2009.07.11"]
[Round "7.3"]
[White "Nakache, Jonathan"]
[Black "Battaglia, Gerard"]
[Result "1-0"]
[WhiteElo "1905"]
[BlackElo "1912"]
[PlyCount "113"]

1. e4 e6 2. d4 d5 3. Nc3 Be7 4. Be3 dxe4 5. Nxe4 Nf6 6. Nxf6+ Bxf6 7. Qd2 c5 8.
O-O-O cxd4 9. Bxd4 Qxd4 10. Qxd4 Bxd4 11. Rxd4 Nc6 12. Rd2 Bd7 13. Ne2 O-O-O
14. Nc3 Ne5 15. f4 Ng6 16. Rf2 Bc6 17. Bd3 a6 18. Re1 Nh4 19. Re3 h5 20. g3 Nf5
21. Bxf5 exf5 22. h4 Rhe8 23. Rfe2 b5 24. Rxe8 Rxe8 25. Rxe8+ Bxe8 26. Kd2 Bc6
27. Ke3 Kc7 28. Kd4 Kd6 29. Nd1 f6 30. Ne3 Be4 31. c4 bxc4 32. Kxc4 Kc6 33. b4
g6 34. a4 Bf3 35. b5+ axb5+ 36. axb5+ Kd6 37. Kd4 Be4 38. Nc4+ Kd7 39. Kc5 Ke6
40. Nd6 Bf3 41. b6 Kd7 42. Nb5 Bb7 43. Nc7 Ke7 44. Nb5 Kd7 45. Nd6 Bf3 46. b7
Kc7 47. Ne8+ Kxb7 48. Kd6 Kc8 49. Ke7 Bd5 50. Nxf6 Bb3 51. Nh7 Kc7 52. Kf6 Kd6
53. Kxg6 Bd1 54. Nf6 Ke6 55. Nxh5 Bxh5+ 56. Kxh5 Kf6 57. Kh6 1-0

[Event "Open de Provence"]
[Site "Meyreuil"]
[Date "2009.07.11"]
[Round "7.4"]
[White "Jean, Olivier"]
[Black "Flores, Adrian"]
[Result "1-0"]
[WhiteElo "2217"]
[BlackElo "1680"]
[PlyCount "51"]

1. c4 e5 2. g3 Nf6 3. Bg2 Nc6 4. d3 Bc5 5. Nc3 d6 6. e3 O-O 7. Nge2 Re8 8. O-O
Bb6 9. Na4 Be6 10. h3 Qc8 11. Kh2 Ne7 12. Nxb6 axb6 13. b3 h5 14. e4 Ng6 15. f4
exf4 16. gxf4 Bd7 17. f5 Ne5 18. d4 Nc6 19. Rf4 Re7 20. Ng3 Qe8 21. Rh4 g6 22.
Bg5 Kg7 23. Qd2 Qh8 24. Bxf6+ Kxf6 25. e5+ dxe5 26. Ne4+ 1-0

[Event "Open de Provence"]
[Site "Meyreuil"]
[Date "2009.07.11"]
[Round "7.5"]
[White "Madranges, Jean"]
[Black "Jeanjean, Dominique"]
[Result "0-1"]
[WhiteElo "1733"]
[BlackElo "2151"]
[PlyCount "46"]

1. d4 Nf6 2. Nf3 c5 3. d5 e6 4. Nc3 d6 5. e4 a6 6. a4 Be7 7. Bd3 Nbd7 8. O-O
O-O 9. h3 Qc7 10. b3 Ne8 11. Bf4 Bf6 12. Qe1 g6 13. Rd1 Bxc3 14. Qxc3 e5 15.
Bh6 Ng7 16. Ng5 Nb8 17. f4 f6 18. Ne6 Bxe6 19. dxe6 Nc6 20. Bc4 Qe7 21. f5 Nd4
22. g4 b5 23. Bd5 Ne2+ 0-1

[Event "Open de Provence"]
[Site "Meyreuil"]
[Date "2009.07.11"]
[Round "7.6"]
[White "Nobili, Denis"]
[Black "Poulain, Cedric"]
[Result "1/2-1/2"]
[WhiteElo "1944"]
[BlackElo "1931"]
[PlyCount "90"]

1. d4 d5 2. c4 c6 3. Nf3 Nf6 4. Nc3 e6 5. cxd5 cxd5 6. Bf4 Bd6 7. Bg5 O-O 8. e3
b6 9. Ne5 Be7 10. Bd3 h6 11. Bh4 Nfd7 12. Bg3 Nxe5 13. Bxe5 Nc6 14. Bg3 Nb4 15.
Bb1 Ba6 16. a3 Nc6 17. Qa4 Bb7 18. O-O Bd6 19. Qc2 g6 20. Bxd6 Qxd6 21. b4 Rac8
22. Qd2 Kg7 23. f4 Ne7 24. Bd3 Qd7 25. Kh1 h5 26. Rac1 Nf5 27. g3 a6 28. Kg2
Rc7 29. h3 h4 30. g4 Ng3 31. Rfd1 Rfc8 32. Ne2 Ne4 33. Bxe4 dxe4 34. Rxc7 Rxc7
35. Rc1 Qc8 36. Rxc7 Qxc7 37. Qc3 Qxc3 38. Nxc3 Bc6 39. g5 f6 40. a4 b5 41. a5
f5 42. Nb1 Bd5 43. Nd2 Kf7 44. Kf2 Ke7 45. Nb1 Bc4 1/2-1/2

[Event "Open de Provence"]
[Site "Meyreuil"]
[Date "2009.07.11"]
[Round "7.7"]
[White "Tholey, Jean-Paul"]
[Black "Baquer, Marc"]
[Result "1-0"]
[WhiteElo "2008"]
[BlackElo "1807"]
[PlyCount "129"]

1. d4 Nf6 2. c4 g6 3. Nc3 Bg7 4. e4 d6 5. f3 O-O 6. Be3 c5 7. dxc5 dxc5 8. Qxd8
Rxd8 9. Bxc5 Nc6 10. Rd1 Rxd1+ 11. Kxd1 b6 12. Be3 Ba6 13. Nh3 Rd8+ 14. Kc2 Nd7
15. Be2 Nde5 16. Nb5 Rc8 17. Kb1 Na5 18. Nxa7 Rc7 19. Nb5 Bxb5 20. cxb5 Nec4
21. Bxc4 Nxc4 22. Rc1 Bd4 23. Bf4 e5 24. Bh6 Bxb2 25. Rxc4 Rxc4 26. Kxb2 Rb4+
27. Kc2 Rxb5 28. Bd2 Rc5+ 29. Bc3 b5 30. a3 f6 31. Nf2 Kf7 32. Ng4 Ke6 33. Kb3
Rc8 34. Ne3 f5 35. Kb4 fxe4 36. fxe4 h5 37. Nd5 Rc4+ 38. Kxb5 Rxe4 39. Nb6 Re3
40. Bb4 e4 41. a4 Rb3 42. Nc4 e3 43. Na3 e2 44. Nc2 Rb2 45. Ne1 Kd7 46. Kc4 Kc6
47. Bc3 Rb7 48. Nf3 Re7 49. Kd3 Kb6 50. Be1 Kc5 51. Ng1 Rd7+ 52. Kxe2 Kc4 53.
Nf3 Re7+ 54. Kf2 Kd3 55. h4 Re4 56. a5 Re2+ 57. Kg3 Re4 58. Bf2 Ra4 59. Bb6 Ke4
60. Nd4 Ra3+ 61. Kh2 Ke5 62. Nb5 Ra2 63. Nc7 Kd6 64. a6 Kc6 65. a7 1-0

[Event "Open de Provence"]
[Site "Meyreuil"]
[Date "2009.07.11"]
[Round "7.8"]
[White "Loysel, Yves"]
[Black "Giry, Jean-Marc"]
[Result "0-1"]
[WhiteElo "1870"]
[BlackElo "2006"]
[PlyCount "44"]

1. e4 e6 2. d4 d5 3. Nd2 Nf6 4. e5 Nfd7 5. Bd3 c5 6. c3 Nc6 7. Ngf3 g6 8. O-O
Bg7 9. Re1 O-O 10. Nf1 Qb6 11. Bb1 cxd4 12. cxd4 f6 13. exf6 Nxf6 14. Ng3 Bd7
15. Re3 Rac8 16. Rb3 Qc7 17. Ne2 Ng4 18. g3 Rxf3 19. Rxf3 Nxd4 20. Nxd4 Qxc1
21. Rd3 Qxb2 22. Nb3 Qxf2+ 0-1

[Event "Open de Provence"]
[Site "Meyreuil"]
[Date "2009.07.11"]
[Round "7.9"]
[White "Girard, Jean-Pierre"]
[Black "Sartre, Guilhem"]
[Result "1-0"]
[WhiteElo "1938"]
[BlackElo "1677"]
[PlyCount "87"]

1. e4 e6 2. d4 d5 3. Nd2 Nf6 4. e5 Nfd7 5. Bd3 c5 6. c3 Nc6 7. Ne2 cxd4 8. cxd4
f6 9. exf6 Nxf6 10. Nf3 Bd6 11. Bg5 O-O 12. O-O Qc7 13. Bh4 Nh5 14. Bg3 Nxg3
15. hxg3 e5 16. dxe5 Nxe5 17. Nxe5 Bxe5 18. Rc1 Qb6 19. Qc2 h6 20. b3 Bg4 21.
Qc5 Bxe2 22. Qxd5+ Kh8 23. Bxe2 Bxg3 24. Bf3 Rac8 25. Rxc8 Rxc8 26. Qf5 Rc5 27.
Qf8+ Kh7 28. Be4+ g6 29. Qf7+ Kh8 30. Bxg6 Bxf2+ 31. Rxf2 Rc1+ 32. Kh2 Qc7+ 33.
Qxc7 Rxc7 34. Rf7 Rc6 35. Be4 Ra6 36. Rxb7 Rxa2 37. Rh7+ Kg8 38. Rxh6 Rb2 39.
Ra6 Kf8 40. Bd5 Rd2 41. Bc4 Rd7 42. g4 Rg7 43. Kg3 Ke7 44. Rxa7+ 1-0

[Event "Open de Provence"]
[Site "Meyreuil"]
[Date "2009.07.11"]
[Round "7.10"]
[White "Maury, Claude"]
[Black "Deleau, Denis"]
[Result "0-1"]
[WhiteElo "1883"]
[BlackElo "2150"]
[PlyCount "138"]

1. d4 Nf6 2. Bf4 e6 3. e3 c5 4. c3 d5 5. Nd2 Nc6 6. Ngf3 Bd6 7. Bg5 h6 8. Bh4
cxd4 9. exd4 Bd7 10. Bd3 g5 11. Bg3 Qe7 12. Ne5 O-O-O 13. Qe2 Be8 14. b4 Bxe5
15. Bxe5 Nxe5 16. Qxe5 Rg8 17. O-O Nd7 18. Qe2 Nb6 19. Rfc1 Kb8 20. Nb3 Rc8 21.
Nc5 Na4 22. Rab1 Nxc5 23. bxc5 Rc7 24. Rb4 Bc6 25. Rcb1 e5 26. Bb5 Bxb5 27.
Rxb5 exd4 28. Qxe7 Rxe7 29. cxd4 Rc8 30. g3 Rc6 31. a4 Kc8 32. a5 Rce6 33. Kg2
Rc7 34. R1b3 h5 35. h3 g4 36. hxg4 hxg4 37. f3 Re2+ 38. Kf1 Rd2 39. R5b4 Ra2
40. fxg4 Rxa5 41. Kf2 Ra6 42. Re3 Rf6+ 43. Rf3 Rxf3+ 44. Kxf3 Kd7 45. Kf4 Ke6
46. g5 Re7 47. Ra4 b6 48. cxb6 axb6 49. Rb4 Rb7 50. g4 b5 51. Kf3 Kd6 52. Kf4
Re7 53. Kf5 Re1 54. Kf6 Rf1+ 55. Kg7 Rf4 56. Rxb5 Rxg4 57. Kf6 Rf4+ 58. Kg7 Ke6
59. Rb6+ Kf5 60. Kxf7 Kxg5+ 61. Ke7 Rxd4 62. Ke6 Kf4 63. Rb1 Rd2 64. Re1 d4 65.
Kd5 Kf3 66. Re4 d3 67. Rh4 Rg2 68. Kc4 d2 69. Rd4 Rg4 0-1

[Event "Open de Provence"]
[Site "Meyreuil"]
[Date "2009.07.11"]
[Round "7.11"]
[White "Vallette, Patrick"]
[Black "Fayette, Sylvain"]
[Result "1/2-1/2"]
[WhiteElo "1855"]
[BlackElo "2023"]
[PlyCount "54"]

1. e4 e6 2. d4 d5 3. Nd2 Nf6 4. e5 Nfd7 5. Bd3 c5 6. c3 Nc6 7. Ne2 Qb6 8. O-O
cxd4 9. cxd4 Nxd4 10. Nxd4 Qxd4 11. Nf3 Qb6 12. Qa4 Bc5 13. Qg4 g6 14. h4 Kd8
15. Qf4 Rf8 16. Qh6 Bd4 17. Bg5+ Ke8 18. Rae1 Qxb2 19. Qxh7 Nxe5 20. Rb1 Nxf3+
21. gxf3 Qxb1 22. Rxb1 Rh8 23. Bb5+ Kf8 24. Bh6+ Ke7 25. Bg5+ Kf8 26. Bh6+ Ke7
27. Bg5+ Kf8 1/2-1/2

[Event "Open de Provence"]
[Site "Meyreuil"]
[Date "2009.07.11"]
[Round "7.12"]
[White "Madranges, Julien"]
[Black "Flores, Francisco"]
[Result "0-1"]
[WhiteElo "1904"]
[BlackElo "1810"]
[PlyCount "66"]

1. d4 d5 2. Nf3 Nf6 3. e3 Bg4 4. c4 e6 5. Qb3 Qc8 6. Nc3 c6 7. Bd2 Bd6 8. Rc1
O-O 9. c5 Bc7 10. Be2 Nbd7 11. O-O Re8 12. Qc2 e5 13. b4 Qd8 14. Rb1 Rb8 15. b5
e4 16. Ne1 Bxe2 17. Nxe2 Ng4 18. g3 Re6 19. h3 Nh6 20. Ng2 Nf5 21. Ngf4 Rh6 22.
Kh2 g5 23. Ng2 Nf6 24. Ng1 Bxg3+ 25. Kh1 Bc7 26. Be1 g4 27. Nf4 Bxf4 28. exf4
Nxd4 29. Qd2 Nf3 30. Qe3 d4 31. Qb3 Nd5 32. bxc6 Nxf4 33. Nxf3 exf3 0-1